000 01577aam a2200469 i 4500
999 _c1527
_d1527
001 020066214
003 Uk
005 20230111150747.0
006 m || d |
007 cr |||||||||||
008 201218r20202009enka jo 000 1 eng
015 _aGBC123585
_2bnb
020 _qpaperback
_a9781847802064
037 _a9780711261648
_bIngram Content Group
040 _aUk
_beng
_cUk
_erda
_dKH8
042 _aukblcatcopy
082 0 4 _a297.362 ROB
_222
100 1 _aRobert, Na'íma bint,
_eauthor.
245 1 0 _aRamadan Moon /
_cNa'ima B. Robert ; [illustrated by] Shirin Adl.
264 1 _aLondon :
_bFrances Lincoln Children's Books,
_c[2020?]
264 4 _c©2009
300 _a1 online resource :
_billustrations (colour)
336 _atext
_2rdacontent
337 _acomputer
_2rdamedia
338 _aonline resource
_2rdacarrier
500 _aOriginally published: 2009.
650 0 _aRamadan
_vPictorial works
_vJuvenile literature.
650 0 _aʻĪd al-Fiṭr
_vPictorial works
_vJuvenile literature.
650 1 _aRamadan.
650 1 _aFasts and feasts
_xIslam.
650 7 _aNon-Fiction 5+.
_2eflch
650 7 _aReligion and belief.
_2eflch
650 7 _aʻĪd al-Fiṭr.
_2fast
_0(OCoLC)fst01185077
650 7 _aRamadan.
_2fast
_0(OCoLC)fst01089664
655 4 _aChildren's nonfiction.
_5NZ-WeK
655 4 _aElectronic books.
655 7 _aJuvenile works.
_2fast
_0(OCoLC)fst01411637
655 7 _aPictorial works.
_2fast
_0(OCoLC)fst01423874
700 1 _aAdl, Shirin,
_eillustrator.
903 _aELD.DS.588903
942 _2ddc
_cNFIC